The methodology of scientific research programmes (Record no. 122035)
[ view plain ]
| 000 -LEADER | |
|---|---|
| fixed length control field | 01095cam a2200301 i 4500 |
| 001 - CONTROL NUMBER | |
| control field | 2720124 |
| 003 - CONTROL NUMBER IDENTIFIER | |
| control field | ARRUPE |
| 005 - DATE AND TIME OF LATEST TRANSACTION | |
| control field | 20160509092707.0 |
| 008 - FIXED-LENGTH DATA ELEMENTS--GENERAL INFORMATION | |
| fixed length control field | 770331s1978 enka b 001 0 eng |
| 010 ## - LIBRARY OF CONGRESS CONTROL NUMBER | |
| LC control number | 77005487 |
| 020 ## - INTERNATIONAL STANDARD BOOK NUMBER | |
| International Standard Book Number | 0521216443 (v. 1) |
| 040 ## - CATALOGING SOURCE | |
| Original cataloging agency | DLC |
| Transcribing agency | DLC |
| Modifying agency | DLC |
| 050 00 - LIBRARY OF CONGRESS CALL NUMBER | |
| Classification number | Q175.3 |
| Item number | .L192 |
| 082 00 - DEWEY DECIMAL CLASSIFICATION NUMBER | |
| Classification number | 501 |
| 300 ## - PHYSICAL DESCRIPTION | |
| Other physical details | ill. ; |
| Dimensions | 24 cm. |
| 100 1# - MAIN ENTRY--PERSONAL NAME | |
| Personal name | Lakatos, Imre. |
| 9 (RLIN) | 15098 |
| 245 10 - TITLE STATEMENT | |
| Title | The methodology of scientific research programmes |
| Statement of responsibility, etc | Imre Lakatos ; edited by John Worrall and Gregory Currie. |
| 260 ## - PUBLICATION, DISTRIBUTION, ETC. (IMPRINT) | |
| Place of publication, distribution, etc | Cambridge ; |
| -- | New York : |
| Name of publisher, distributor, etc | Cambridge University Press, |
| Date of publication, distribution, etc | 1978. |
| 300 ## - PHYSICAL DESCRIPTION | |
| Extent | 2 v. : |
| 440 ## - SERIES STATEMENT/ADDED ENTRY--TITLE | |
| Title | Philosophical Papers |
| Number of part/section of a work | Vol.1 |
| 9 (RLIN) | 24374 |
| 504 ## - BIBLIOGRAPHY, ETC. NOTE | |
| Bibliography, etc | Includes bibliographies and indexes. |
| 505 0# - FORMATTED CONTENTS NOTE | |
| Formatted contents note | v. 1. The methodology of scientific research programmes.--v. 2. Mathematics, science, and epistemology. |
| 650 #0 - SUBJECT ADDED ENTRY--TOPICAL TERM | |
| Topical term or geographic name as entry element | Science |
| General subdivision | Philosophy. |
| 9 (RLIN) | 15565 |
| 650 #0 - SUBJECT ADDED ENTRY--TOPICAL TERM | |
| Topical term or geographic name as entry element | Mathematics |
| General subdivision | Philosophy |
| 9 (RLIN) | 15566 |
| 700 ## - ADDED ENTRY--PERSONAL NAME | |
| Personal name | Worrall, John |
| 9 (RLIN) | 15561 |
| Relator term | ed. |
| 700 ## - ADDED ENTRY--PERSONAL NAME | |
| Personal name | Currie, Gregory (ed.) |
| 9 (RLIN) | 15562 |
| Relator term | ed. |
| 906 ## - LOCAL DATA ELEMENT F, LDF (RLIN) | |
| a | 7 |
| b | cbc |
| c | orignew |
| d | 1 |
| e | ocip |
| f | 19 |
| g | y-gencatlg |
| 942 ## - ADDED ENTRY ELEMENTS (KOHA) | |
| Source of classification or shelving scheme | Library of Congress Classification |
| Koha item type | Monograph ( Printed materials) |
| Withdrawn status | Lost status | Source of classification or shelving scheme | Damaged status | Not for loan | Collection code | Home library | Current library | Shelving location | Date acquired | Total Checkouts | Full call number | Barcode | Date last seen | Date checked out | Copy number | Price effective from | Koha item type |
|---|---|---|---|---|---|---|---|---|---|---|---|---|---|---|---|---|---|
| Library of Congress Classification | Main Collection | ARRUPE LIBRARY | ARRUPE LIBRARY | Main Collection | 16/02/2015 | 4 | Q175.3 L192 | 46500001059 | 03/07/2019 | 30/10/2018 | Vol.2 | 16/02/2015 | Monograph ( Printed materials) |